<?xml version="1.0" encoding="UTF-8"?>
<record
    xmlns:xsi="http://www.w3.org/2001/XMLSchema-instance"
    xsi:schemaLocation="http://www.loc.gov/MARC21/slim http://www.loc.gov/standards/marcxml/schema/MARC21slim.xsd"
    xmlns="http://www.loc.gov/MARC21/slim">

  <leader>01655nam a22002297a 4500</leader>
  <datafield tag="952" ind1=" " ind2=" ">
    <subfield code="0">0</subfield>
    <subfield code="1">0</subfield>
    <subfield code="2">lcc</subfield>
    <subfield code="4">0</subfield>
    <subfield code="7">0</subfield>
    <subfield code="a">22</subfield>
    <subfield code="b">22</subfield>
    <subfield code="d">2016-05-03</subfield>
    <subfield code="l">0</subfield>
    <subfield code="o">T58.6 A75 2010</subfield>
    <subfield code="p">22 001165</subfield>
    <subfield code="r">2016-05-19</subfield>
    <subfield code="t">1</subfield>
    <subfield code="w">2016-05-19</subfield>
    <subfield code="y">LB</subfield>
  </datafield>
  <datafield tag="999" ind1=" " ind2=" ">
    <subfield code="c">99732</subfield>
    <subfield code="d">99732</subfield>
  </datafield>
  <controlfield tag="008">160519b20102007sp a|||| |||| 00| 0 spa d</controlfield>
  <datafield tag="020" ind1=" " ind2=" ">
    <subfield code="a">9788436823011</subfield>
  </datafield>
  <datafield tag="050" ind1=" " ind2=" ">
    <subfield code="a">T58.6</subfield>
    <subfield code="b">A75 2010</subfield>
  </datafield>
  <datafield tag="100" ind1=" " ind2=" ">
    <subfield code="a">Arjonilla Dom&#xED;nguez, Sixto Jes&#xFA;s, autor</subfield>
  </datafield>
  <datafield tag="245" ind1=" " ind2=" ">
    <subfield code="a">La gesti&#xF3;n de los sistemas de informaci&#xF3;n en la empresa </subfield>
    <subfield code="b">Teor&#xED;a y casos pr&#xE1;cticos</subfield>
    <subfield code="c">/ Sixto Jes&#xFA;s Arjonilla Dom&#xED;nguez; Jos&#xE9; Aurelio Medina Garrido</subfield>
  </datafield>
  <datafield tag="260" ind1=" " ind2=" ">
    <subfield code="a">Madrid, Espa&#xF1;a</subfield>
    <subfield code="b">: Pir&#xE1;mide</subfield>
    <subfield code="c">2010</subfield>
  </datafield>
  <datafield tag="300" ind1=" " ind2=" ">
    <subfield code="a">419 p&#xE1;ginas</subfield>
  </datafield>
  <datafield tag="500" ind1=" " ind2=" ">
    <subfield code="a">Contiene: &#xCD;ndice 
</subfield>
  </datafield>
  <datafield tag="500" ind1=" " ind2=" ">
    <subfield code="a">Contiene: &#xCD;ndice, Glosario
&#xCD;ndice de tablas 
&#xCD;ndice de figuras 
&#xCD;ndice de casos</subfield>
  </datafield>
  <datafield tag="505" ind1=" " ind2=" ">
    <subfield code="a">Sistema de informaci&#xF3;n de la empresa  
Componentes del sistema de informaci&#xF3;n  
El sistema de informaci&#xF3;n como soporte a la planificaci&#xF3;n, a las actividades y al control  
El sistema de la informaci&#xF3;n como soporte de las decisiones  
Sistemas de informaci&#xF3;n internogarizativos  
Planificaci&#xF3;n y dise&#xF1;o del sistema de informaci&#xF3;n  
Planificaci&#xF3;n estrat&#xE9;gica del sistema de informaci&#xF3;ny obtenci&#xF3;n  de ventajas competitivas  
Implataci&#xF3;n del sistema de informaci&#xF3;n y cambio organizativo  
Seguridad, aseguramiento de la calidad y auditor&#xED;a de los sistemas de informaci&#xF3;n</subfield>
  </datafield>
  <datafield tag="519" ind1=" " ind2=" ">
    <subfield code="a">Material Complementario / </subfield>
    <subfield code="d">(22 001165)</subfield>
  </datafield>
  <datafield tag="519" ind1=" " ind2=" ">
    <subfield code="a">Plan Flexible / </subfield>
    <subfield code="b">Mercadotecnia digital / </subfield>
    <subfield code="c">Inform&#xE1;tica aplicada a los negocios (M08-2)</subfield>
    <subfield code="d">(02 005638)</subfield>
  </datafield>
  <datafield tag="650" ind1=" " ind2="0">
    <subfield code="a">SISTEMAS DE ALMACENAMIENTO Y RECUPERACI&#xD3;N DE LA INFORMACI&#xD3;N</subfield>
    <subfield code="x">ADMINISTRACI&#xD3;N</subfield>
  </datafield>
  <datafield tag="650" ind1=" " ind2="0">
    <subfield code="a">NEGOCIOS</subfield>
    <subfield code="x">SERVICIOS DE INFORMACI&#xD3;N</subfield>
  </datafield>
  <datafield tag="942" ind1=" " ind2=" ">
    <subfield code="2">lcc</subfield>
    <subfield code="c">LB</subfield>
  </datafield>
</record>
